عرض عادي عرض مارك
  • Jannach, Dietmar,

مدخل إسم شخص

عدد التسجيلات المستخدمة في: 1

001 - رقم الضبط

  • حقل الضبط: 39437

003 - معرف رقم الضبط

  • حقل الضبط: OSt

005 - تاريخ ووقت أخر عملية

  • حقل الضبط: 20131111201916.0

008 - عناصر بيانات ثابتة الطول

  • حقل تحكم ثابت الطول: 131111|||a|||||| | ||| d

040 ## - مصدر الفهرسة

  • هيئة الفهرسة الأصلية: OSt
  • وكالة الكتابة: OSt

100 ## - مدخل -- أسم شخص

  • إسم شخص: Jannach, Dietmar,
  • تواريخ مرتبطة بالاسم: 1973-

670 ## - بيانات المصدر موجوده

  • الاستشهاد بالمصدر: Work cat.: (OSt)0: Recommender systems :, 2011.